Structured computer organization

Gespeichert in:
Bibliographische Detailangaben
1. Verfasser: Tanenbaum, Andrew S (Verfasst von)
Format: Buch
Sprache:Englisch
Veröffentlicht: Upper Saddle River : Prentice Hall, 1990
Ausgabe:3.ed.
Schlagworte:
Tags: Tag hinzufügen
Keine Tags, Fügen Sie das erste Tag hinzu!

MARC

LEADER 00000nam a22000003a 4500
001 stu49253
005 20150617225709.5
008 990301s1990------------------------eng-d
020 |a 0-13-852872-1 
040 |a STU  |b slo 
041 0 |a eng 
080 |a 681.32.02  |7 stu_us_auth*stu8293 
084 |a C5220  |2 INS 
100 1 |a Tanenbaum, Andrew S  |4 aut 
245 1 |a Structured computer organization 
250 |a 3.ed. 
260 |a Upper Saddle River :  |b Prentice Hall,  |c 1990 
300 |a 587 s 
650 7 |a architektúra počítačov  |2 stusub 
650 7 |a počítačové systémy  |2 stusub 
996 |c I*6PE5237  |l I  |s A  |a 24  |w stu49253_0001